|
|
|
|
| LEADER |
00000nam a2200000 a 4500 |
| 001 |
vtls001436302 |
| 003 |
SK-MaSNL |
| 005 |
20260301103647.0 |
| 008 |
240314s1951 xx 0 und |
| 035 |
|
|
|a SNK000391401
|
| 040 |
|
|
|a SNK
|b slo
|c SNK
|e AACR2
|
| 100 |
1 |
|
|a Gergely, Sándor,
|d 1896-1966
|4 aut
|9 192040
|
| 245 |
1 |
0 |
|a Ohnivý trůn 1514
|b Díl třetí
|
| 260 |
|
|
|a Praha
|b Mír
|c 1951
|
| 300 |
|
|
|a 337 s.
|
| 999 |
|
|
|c 695877
|d 697807
|
| 952 |
|
|
|t P60, <05>, [BOOK], {605}
|a SNK
|b SNK
|y PREZ
|7 0
|p 17A0346232
|o snkID 7336/3/32
|i snkF 4094/63
|0 0
|1 0
|4 0
|d 2002-06-14
|l 0
|r 2005-01-02 00:00:00
|w 2026-02-23
|